000 00285nam a2200121Ia 4500
008 190216s9999||||xx |||||||||||||| ||und||
100 _aAli Musliyar
245 0 _aSoorathul-Kahf
260 _bK Mohammad Kutty & Sons
_c1996
300 _a66p
650 _aIslamic History
942 _cBK
999 _c22052
_d22052